000 00295pam a2200133 a 4500
020 _c
041 _h
100 _aJ. B. Lal,
_eAuthor.,
245 _aForest Management
_hTextual Documents
250 _a1st.
260 _a[s.l]:
_bNatraj Publisher Dhar Dun.
300 _a455.
930 _a2340
999 _c248191
_d248191